A takže v oblasti baleta my v peredi planety vsej

Gespeichert in:
Bibliographische Detailangaben
1. Verfasser: Dulebová, Irina
Format: Buchkapitel
Sprache:Russisch
Tags: Tag hinzufügen
Keine Tags, Fügen Sie das erste Tag hinzu!

MARC

LEADER 00000naa$a2200000$$$4500
001 0056020
005 20240502071633.9
041 0 |a rus 
044 |a SK 
245 1 0 |a A takže v oblasti baleta my v peredi planety vsej  |c Irina Dulebová 
100 1 |a Dulebová, Irina